| 000 | 00915pam a2200253 i 4500 | ||
|---|---|---|---|
| 999 |
_c23914 _d23914 |
||
| 001 | 4581842 | ||
| 005 | 20170127115758.0 | ||
| 008 | 760420s1976 nyua 001 0 eng | ||
| 010 | _a 75040702 | ||
| 020 |
_a0385053029 : _c$8.95 |
||
| 040 |
_aDLC _cDLC _dDLC |
||
| 050 | 0 | 0 |
_aNK1127.5 _b.G74 |
| 100 | 1 | _aGrotz, George. | |
| 245 | 1 | 4 |
_aThe antique restorer's handbook : _ba dictionary of the crafts & materials used in restoring antiques and works of art / _cby George Grotz. |
| 250 | _a1st ed. | ||
| 260 |
_aGarden City, N.Y. : _bDoubleday, _c1976. |
||
| 300 |
_ax, 206 p. : _bill. ; _c22 cm. |
||
| 500 | _aIncludes index. | ||
| 650 | 0 |
_aAntiques _xConservation and restoration _xHandbooks, manuals, etc. |
|
| 906 |
_a7 _bcbc _corignew _d1 _eocip _f19 _gy-gencatlg |
||
| 942 |
_2lcc _cBOOKS _hNK 1127.5 .G74 1996 |
||